书目信息 |
| 题名: |
铅球
|
|
| 作者: | 冯晓东 , 李越苹 编著 | |
| 分册: | ||
| 出版信息: | 北京 人民体育出版社 1997.06 |
|
| 页数: | 121页 | |
| 开本: | 19cm | |
| 丛书名: | 田径教学训练实用丛书 | |
| 单 册: | ||
| 中图分类: | G824.12 | |
| 科图分类: | ||
| 主题词: | 田径运动 | |
| 电子资源: | ||
| ISBN: | 7-5009-1386-9 | |
| 000 | 00739nam0 2200241 45 | |
| 001 | 0001100870 | |
| 005 | 20040505101255.1 | |
| 010 | @a7-5009-1386-9@dCNY7.00 | |
| 100 | @a20000110d1997 km y0chiy0120 ea | |
| 101 | 0 | @achi |
| 105 | @a z 000yy | |
| 200 | 1 | @a铅球@f冯晓东,李越苹编著@FFeng Xiao Dong,Li Yue Ping Bian Zhu |
| 210 | @a北京@c人民体育出版社@d1997.06 | |
| 215 | @a121页@d19cm | |
| 225 | @a田径教学训练实用丛书@f李鸿江,张贵敏主编 | |
| 410 | @12001 @a田径教学训练实用丛书 | |
| 410 | @1700 0@a张贵敏@AZhang Gui Min@4主编@a李鸿江@ALi Hong Jiang@4主编 | |
| 606 | 0 | @a田径运动 |
| 690 | @aG824.12@v1 | |
| 701 | 0 | @a冯晓东@4编著 |
| 701 | 0 | @a李越苹@4编著 |
| 801 | @aCN@bTSTC@c20000110 | |
| 905 | @dG824.12@e48@f4@b284643-646 | |
| 铅球/冯晓东,李越苹编著.-北京:人民体育出版社,1997.06 |
| 121页;19cm.-(田径教学训练实用丛书/李鸿江,张贵敏主编) |
| ISBN 7-5009-1386-9:CNY7.00 |
| ● |
| 相关链接 |
|
|
|
|
正题名:铅球
索取号:G824.12/48
 
预约/预借
| 序号 | 登录号 | 条形码 | 馆藏地/架位号 | 状态 | 备注 |
| 1 | 0284643 | 002846433 | 第四借阅区/ [索取号:G824.12/48] | 在馆 | |
| 2 | 0284644 | 002846442 | 第四借阅区/ [索取号:G824.12/48] | 在馆 | |
| 3 | 0284645 | 002846451 | 第四借阅区/ [索取号:G824.12/48] | 在馆 | |
| 4 | 0284646 | 002846460 | 第四借阅区/ [索取号:G824.12/48] | 在馆 | |
| 5 | 0284647 | 002846479 | 第一样本阅览室/ [索取号:G824.12/48] | 在馆 |